Normal view
MARC view
- Women- Developing countries - Social conditions
Entry Topical Term
001 - CONTROL NUMBER
- control field: 2869
003 - CONTROL NUMBER IDENTIFIER
- control field: JO-AjAnu
005 - DATE AND TIME OF LATEST TRANSACTION
- control field: 20230606070755.0
008 - FIXED-LENGTH DATA ELEMENTS
- fixed length control field: 230606|| aca||aabn | a|a d
040 ## - CATALOGING SOURCE
- Original cataloging agency: JO-AjAnu
- Transcribing agency: JO-AjAnu
150 ## - HEADING--TOPICAL TERM
- Topical term or geographic name entry element: Women- Developing countries - Social conditions
670 ## - SOURCE DATA FOUND
- Source citation: Work cat.: (JO-AjAnu)1503: edited: Anker, Richard/ Buviniâc, Mayra/Youssef, Nadia Haggag, author 2868, Women's Roles and Population Trends in the Third World